| 000 | nam a22 7a 4500 | ||
|---|---|---|---|
| 999 |
_c27150 _d27150 |
||
| 008 | 170207b xxu||||| |||| 00| 0 eng d | ||
| 050 | _aLB 1025.3 .S53 1989 | ||
| 100 |
_aShalaway, Linda. _d1989 |
||
| 245 |
_aLearning to teach: _bNot just for beginners/ _cLinda Shalaway. |
||
| 260 |
_aNot identified: _bEdgell communications, _c1989. |
||
| 300 |
_a304p.: _bill.; _c28cm. |
||
| 521 | _aIncludes index. | ||
| 650 | _aTeaching. | ||
| 650 |
_aTeaching: _xAid and devices. |
||
| 942 |
_2lcc _cBOOKS _hLB 1025.3 .S53 1989 |
||